00586nam a2200241Ia 450000500170000000800460001702000180006303700100008104000080009104000080009904000080010704100080011504100080012308400080013110000210013924500420016024500440020226000230024626000090026936500050027836500080028385600530029120260324145441.0008 260324s9999 xx 000 0 eng d a9781315758060 aEBOOK aCRL beng cCRL 2eng aeng qCRL aGeorge P. Landow 0aImages of Crisis (Routledge Revivals) 0bLiterary Iconology, 1750 to the Present bTaylor and Francis c1982 a b240 uhttp://www.taylorfrancis.com/books/9781315758060